Catàleg del Col·legi de Periodistes de Catalunya

Pi i Margall (Registre núm. 3135)

000 -CABECERA
Longitud fija campo de control 00406naa a2200157 a 4500
001 - NÚMERO DE CONTROL
Número de control 3135
003 - IDENTIFICADOR DEL NÚMERO DE CONTROL
Identificador del número de control CDMR
005 - FECHA Y HORA DE LA ÚLTIMA TRANSACCIÓN
Fecha y hora de la última transacción 20130307191237.0
008 - CÓDIGOS DE INFORMACIÓN DE LONGITUD FIJA
Códigos de información de longitud fija 130130s ||||||||||||r|||||||||||||||d
040 ## - FUENTE DE LA CATALOGACIÓN
Centro catalogador de origen CDMR
Lengua de catalogación cat
Centro transcriptor CDMR
100 1# - PUNTO DE ACCESO PRINCIPAL-NOMBRE DE PERSONA
Nombre de persona Roca i Roca, Josep
9 (RLIN) 2288
245 10 - MENCIÓN DE TÍTULO
Título Pi i Margall
600 14 - PUNTO DE ACCESO ADICIONAL DE MATERIA - NOMBRE DE PERSONA
Nombre de persona Pi i Margall, Francesc
9 (RLIN) 1710
773 0# - ENLACE AL DOCUMENTO FUENTE
Título Anuari de la Prensa Diaria
Parte(s) relacionada(s) Any I, 1923, p.19-45
942 ## - ENTRADA DE ELEMENTOS AGREGADOS (KOHA)
Koha [por defecto] tipo de item Capítols
Fuente de clasificaión o esquema
Fons
Suprimido Perdido Estropeado No para préstamo Localización permanente Localización actual Fecha adquisición Préstamos totales Código de barras Fecha última consulta Fecha del precio de reemplazo Tipo de item de Koha
        Centre de Documentació Montserrat Roig Centre de Documentació Montserrat Roig 2013-01-16   5290820130116125153. 2013-01-16 2013-01-16 Capítols

Implantat amb Koha